[Event "San Francisco TNM Fall op"]
[Site "San Francisco"]
[Date "2017.12.12"]
[Round "8"]
[White "James, Charles"]
[Black "Hilliard, Michael"]
[Result "1-0"]
[WhiteElo "1401"]
[BlackElo "1493"]
[PlyCount "82"]
[EventDate "2017.10.24"]
[EventType "swiss"]
[EventRounds "9"]
[EventCountry "USA"]
[SourceTitle "EXT 2023"]
[Source "ChessBase"]
[SourceDate "2022.10.05"]
[SourceVersion "1"]
[SourceVersionDate "2022.10.05"]
[SourceQuality "1"]

1. d4 d5 2. c4 c6 3. Nf3 Nf6 4. Nc3 e6 5. Bg5 Nbd7 6. e3 Qb6 7. Qc2 Bb4 8. Bd3 dxc4 9. Bxc4 Nd5 10. e4 Nxc3 11. bxc3 Ba5 12. Rb1 Qc7 13. e5 Nb6 14. Bd3 Nd5 15. Bd2 g6 16. 0-0 0-0 17. h4 c5 18. Rfc1 cxd4 19. cxd4 Qxc2 20. Rxc2 Bxd2 21. Nxd2 b6 22. Nc4 Ba6 23. Be4 Bxc4 24. Rxc4 Rfd8 25. g3 Rab8 26. a4 a6 27. Bxd5 Rxd5 28. f4 b5 29. Rcb4 h5 30. Kf2 Kg7 31. Ke3 f5 32. Rc1 Rb6 33. a5 Rb7 34. Rc6 Kf7 35. Rxa6 Rc7 36. Kd3 Rc1 37. Ke3 Re1+ 38. Kd2 Rg1 39. Ke3 Re1+ 40. Kf2 Ra1 41. Ra7+ Ke8 1-0

[Event "San Francisco Grey Memorial"]
[Site "San Francisco"]
[Date "2017.09.26"]
[Round "8"]
[White "Hilliard, Michael"]
[Black "Newey, Richard H"]
[Result "0-1"]
[WhiteElo "1400"]
[BlackElo "1755"]
[PlyCount "44"]
[EventDate "2017.08.08"]
[EventType "swiss"]
[EventRounds "9"]
[EventCountry "USA"]
[SourceTitle "EXT 2023"]
[Source "ChessBase"]
[SourceDate "2022.10.05"]
[SourceVersion "1"]
[SourceVersionDate "2022.10.05"]
[SourceQuality "1"]

1. d4 d5 2. Nf3 Nf6 3. e3 Nbd7 4. Nbd2 b6 5. Bd3 c5 6. c3 Qc7 7. 0-0 e5 8. e4 Bd6 9. dxe5 Nxe5 10. exd5 Nxd3 11. Qc2 c4 12. Qa4+ Bd7 13. Qc2 0-0 14. b3 b5 15. bxc4 bxc4 16. a4 Nxd5 17. Qa2 Rac8 18. Ne4 Nxc1 19. Rfxc1 Bf4 20. Ned2 Bf5 21. Rab1 Bxb1 22. Qxb1 Rb8 0-1

[Event "San Francisco TNM Summer op"]
[Site "San Francisco"]
[Date "2017.05.30"]
[Round "2"]
[White "Hilliard, Michael"]
[Black "Kondakova, Elena"]
[Result "0-1"]
[WhiteElo "1420"]
[BlackElo "1347"]
[PlyCount "100"]
[EventDate "2017.05.23"]
[EventType "swiss"]
[EventRounds "8"]
[EventCountry "USA"]
[SourceTitle "EXT 2023"]
[Source "ChessBase"]
[SourceDate "2022.10.05"]
[SourceVersion "1"]
[SourceVersionDate "2022.10.05"]
[SourceQuality "1"]

1. d4 Nf6 2. Nf3 g6 3. e3 Bg7 4. Bd3 d6 5. c3 0-0 6. Nbd2 Nc6 7. a3 e5 8. e4 exd4 9. cxd4 Bg4 10. Qa4 Re8 11. d5 Nxd5 12. 0-0 Nf4 13. Qb3 Nxd3 14. Qxd3 Qd7 15. Re1 Rad8 16. Rb1 d5 17. Qe2 dxe4 18. Nxe4 Bf5 19. Nfd2 Qd3 20. Qxd3 Rxd3 21. f3 Bxe4 22. Nxe4 Re7 23. Bg5 Re5 24. Nf6+ Bxf6 25. Bxf6 Re6 26. Rxe6 fxe6 27. Re1 Kf7 28. Bc3 Nd4 29. Re4 Nf5 30. Kf2 Nd6 31. Rf4+ Ke8 32. Ke2 Rd5 33. g4 Kd7 34. h4 e5 35. Rf8 h5 36. Rg8 hxg4 37. fxg4 Ne4 38. Rg7+ Ke6 39. Rxg6+ Kf7 40. h5 Ng3+ 41. Ke3 e4 42. Rf6+ Kg8 43. Bd4 c5 44. Bc3 Rd3+ 45. Kf4 Rf3+ 46. Kg5 Rxf6 47. Kxf6 e3 48. h6 Ne4+ 49. Kg6 Nxc3 50. h7+ Kh8 0-1

[Event "San Francisco TNM Spring op"]
[Site "San Francisco"]
[Date "2017.04.11"]
[Round "5"]
[White "Hilliard, Michael"]
[Black "Babayan, Gagik"]
[Result "0-1"]
[WhiteElo "1465"]
[BlackElo "1806"]
[PlyCount "96"]
[EventDate "2017.03.14"]
[EventType "swiss"]
[EventRounds "8"]
[EventCountry "USA"]
[SourceTitle "EXT 2023"]
[Source "ChessBase"]
[SourceDate "2022.10.05"]
[SourceVersion "1"]
[SourceVersionDate "2022.10.05"]
[SourceQuality "1"]

1. d4 Nf6 2. Nf3 g6 3. e3 d5 4. Bd3 Bg7 5. Nbd2 0-0 6. 0-0 Nbd7 7. b3 b6 8. Bb2 Bb7 9. c4 e6 10. Rc1 Ne4 11. b4 Nxd2 12. Nxd2 Nf6 13. c5 c6 14. Nf3 Ne4 15. Qc2 f5 16. Nd2 b5 17. f3 Nf6 18. a4 a6 19. a5 Nd7 20. Rf2 e5 21. f4 exf4 22. exf4 Nf6 23. Nf3 Ne4 24. Re2 h6 25. g3 Qf6 26. Ne5 Rad8 27. Qb3 Kh7 28. Rf1 Bc8 29. Qc2 Qe6 30. Rg2 h5 31. Qe2 Bd7 32. Nf3 Bf6 33. Ne5 Be8 34. Bc2 Bxe5 35. fxe5 Rd7 36. Bc1 Rg7 37. Qe3 Kg8 38. h3 g5 39. Qf3 Qg6 40. g4 hxg4 41. hxg4 f4 42. Re1 Rh7 43. Bxe4 dxe4 44. Rxe4 Bf7 45. Rge2 Bd5 46. Bd2 Qe6 47. Bc3 Rh4 48. Rg2 Kg7 0-1

[Event "San Francisco TNM Spring op"]
[Site "San Francisco"]
[Date "2017.03.28"]
[Round "3"]
[White "Hilliard, Michael"]
[Black "Boldi, Ethan Vaughn"]
[Result "1-0"]
[WhiteElo "1465"]
[BlackElo "1865"]
[PlyCount "89"]
[EventDate "2017.03.14"]
[EventType "swiss"]
[EventRounds "8"]
[EventCountry "USA"]
[SourceTitle "EXT 2023"]
[Source "ChessBase"]
[SourceDate "2022.10.05"]
[SourceVersion "1"]
[SourceVersionDate "2022.10.05"]
[SourceQuality "1"]

1. d4 e6 2. Nf3 d5 3. e3 Nf6 4. Bd3 c5 5. c3 Nc6 6. Nbd2 Qb6 7. a3 Bd7 8. 0-0 cxd4 9. cxd4 Bd6 10. b4 a6 11. Bb2 Rc8 12. e4 Bf4 13. e5 Ng8 14. Nb3 f6 15. Nc5 Nce7 16. Bc1 Bxc1 17. Rxc1 h5 18. Nh4 f5 19. f4 g6 20. Rc3 a5 21. Qb3 a4 22. Qd1 Rc7 23. Rf2 Nh6 24. h3 Qa7 25. Rfc2 Kf7 26. Nf3 Rhc8 27. Qc1 Nc6 28. Qe3 Nd8 29. Be2 Be8 30. Qc1 Ke7 31. Kh1 Nc6 32. b5 Na5 33. Nxa4 Rxc3 34. Rxc3 Nc4 35. Nb2 Bxb5 36. Bxc4 dxc4 37. Nxc4 Bc6 38. Nd6 Rd8 39. Qb2 Nf7 40. Nxf7 Kxf7 41. Ng5+ Ke8 42. Nxe6 Rd7 43. Qb4 Re7 44. Nc5 Kd8 45. Qc4 1-0

[Event "San Francisco TNM Winter op"]
[Site "San Francisco"]
[Date "2017.01.03"]
[Round "1"]
[White "Askin, Michael"]
[Black "Hilliard, Michael"]
[Result "1-0"]
[WhiteElo "1969"]
[BlackElo "1417"]
[PlyCount "43"]
[EventDate "2017.01.03"]
[EventType "swiss"]
[EventRounds "8"]
[EventCountry "USA"]
[SourceTitle "EXT 2018"]
[Source "ChessBase"]
[SourceDate "2017.10.13"]
[SourceVersion "1"]
[SourceVersionDate "2017.10.13"]
[SourceQuality "1"]

1. e4 c6 2. d4 d5 3. e5 Bf5 4. Nf3 h6 5. Bd3 Bxd3 6. Qxd3 e6 7. 0-0 Nd7 8. Be3 c5 9. Nc3 Qb6 10. dxc5 Bxc5 11. Nb5 Qc6 12. Bxc5 Nxc5 13. Qe2 a6 14. Nd6+ Ke7 15. c4 Nd7 16. cxd5 Qxd5 17. Rfd1 Qc6 18. Rac1 Nc5 19. b4 h5 20. Rxc5 Qa4 21. Rc7+ Kf8 22. Rxf7# 1-0

[Event "San Francisco TNM Fall op"]
[Site "San Francisco"]
[Date "2016.12.13"]
[Round "9"]
[White "McKellar, Daniel"]
[Black "Hilliard, Michael"]
[Result "1-0"]
[WhiteElo "1745"]
[BlackElo "1400"]
[PlyCount "77"]
[EventDate "2016.10.18"]
[EventType "swiss"]
[EventRounds "9"]
[EventCountry "USA"]
[SourceTitle "EXT 2018"]
[Source "ChessBase"]
[SourceDate "2017.10.13"]
[SourceVersion "1"]
[SourceVersionDate "2017.10.13"]
[SourceQuality "1"]

1. d4 d5 2. c4 c6 3. Nc3 Nf6 4. Nf3 e6 5. Bg5 Nbd7 6. e3 Bd6 7. Bd3 0-0 8. 0-0 Re8 9. e4 e5 10. cxd5 cxd5 11. exd5 exd4 12. Nxd4 Qb6 13. Qd2 Be5 14. Nf3 Bxc3 15. bxc3 Ne5 16. Nxe5 Rxe5 17. Bxf6 Qxf6 18. Rfe1 Bf5 19. Rxe5 Qxe5 20. Bxf5 Qxf5 21. Re1 Rc8 22. Qd4 b6 23. d6 Rd8 24. g4 Qc8 25. Re7 Qc5 26. Qxc5 bxc5 27. Rc7 f6 28. d7 Kf7 29. Rxa7 Ke7 30. Kf1 Rxd7 31. Rxd7+ Kxd7 32. Ke2 Kc6 33. Kd3 Kb5 34. a4+ Kb6 35. Kc4 Kc6 36. a5 g6 37. a6 Kb6 38. a7 Kxa7 39. Kxc5 1-0

[Event "San Francisco TNM Fall op"]
[Site "San Francisco"]
[Date "2016.11.01"]
[Round "3"]
[White "Lin, Aung Tun"]
[Black "Hilliard, Michael"]
[Result "1-0"]
[WhiteElo "1681"]
[BlackElo "1400"]
[PlyCount "79"]
[EventDate "2016.10.18"]
[EventType "swiss"]
[EventRounds "9"]
[EventCountry "USA"]
[SourceTitle "EXT 2018"]
[Source "ChessBase"]
[SourceDate "2017.10.13"]
[SourceVersion "1"]
[SourceVersionDate "2017.10.13"]
[SourceQuality "1"]

1. Nf3 d5 2. b3 Nf6 3. Bb2 e6 4. e3 Bd6 5. Ne5 Nbd7 6. f4 c6 7. Ng4 0-0 8. Qf3 Re8 9. Qg3 Nxg4 10. Qxg4 Nf6 11. Qg3 e5 12. fxe5 Ne4 13. Qf4 g5 14. Qf3 Bxe5 15. d4 Bd6 16. Bd3 Re6 17. Qh5 Qf6 18. Rf1 Qg6 19. Qxg6+ fxg6 20. g3 Bd7 21. Nd2 Bb4 22. Bc1 Rae8 23. Ke2 Nc3+ 24. Kf2 Rxe3 25. Nf3 R3e7 26. Nxg5 Bg4 27. Bf4 Be2 28. Rfe1 Bxd3 29. Rxe7 Rxe7 30. cxd3 Re2+ 31. Kf3 Be7 32. Nh3 Rxa2 33. Re1 Kf8 34. Nf2 Rb2 35. Bh6+ Kf7 36. Ng4 Bf6 37. Ke3 Nb5 38. Rf1 Rxb3 39. Nxf6 Rb4 40. Nxd5+ 1-0

[Event "San Francisco Benson Memorial"]
[Site "San Francisco"]
[Date "2016.08.09"]
[Round "2"]
[White "Hilliard, Michael"]
[Black "Kuczek, Kevin W"]
[Result "0-1"]
[WhiteElo "1400"]
[BlackElo "1742"]
[PlyCount "84"]
[EventDate "2016.08.02"]
[EventType "swiss"]
[EventRounds "9"]
[EventCountry "USA"]
[SourceTitle "EXT 2018"]
[Source "ChessBase"]
[SourceDate "2017.10.13"]
[SourceVersion "1"]
[SourceVersionDate "2017.10.13"]
[SourceQuality "1"]

1. d4 Nf6 2. Nf3 d5 3. e3 c5 4. c3 Nc6 5. Bd3 cxd4 6. cxd4 Bg4 7. a3 e6 8. Nbd2 Bd6 9. 0-0 0-0 10. Qc2 Rc8 11. Qb1 a5 12. Ng5 h6 13. Ngf3 Qe7 14. h3 Bxf3 15. Nxf3 Rc7 16. e4 dxe4 17. Bxe4 Nxe4 18. Qxe4 Rfc8 19. Re1 Qf6 20. Be3 Rd8 21. Rac1 Rcd7 22. Rc2 Bb8 23. Rc4 Rd5 24. b4 axb4 25. axb4 Ba7 26. Rb1 Rb5 27. Rxc6 bxc6 28. Qxc6 Rdb8 29. Qc7 R5b7 30. Qc4 Qf5 31. Rb2 Qb5 32. Qxb5 Rxb5 33. Bd2 Rd5 34. Be3 Rdb5 35. Bd2 f6 36. Kf1 Rd5 37. Be3 e5 38. dxe5 Bxe3 39. fxe3 fxe5 40. Ke2 Kf7 41. e4 Rdb5 42. Rd2 Ke6 0-1

[Event "San Francisco TNM Summer op"]
[Site "San Francisco"]
[Date "2016.06.14"]
[Round "4"]
[White "Hilliard, Michael"]
[Black "Chan, John"]
[Result "0-1"]
[WhiteElo "1406"]
[BlackElo "1578"]
[PlyCount "114"]
[EventDate "2016.05.24"]
[EventType "swiss"]
[EventRounds "8"]
[EventCountry "USA"]
[SourceTitle "EXT 2018"]
[Source "ChessBase"]
[SourceDate "2017.10.13"]
[SourceVersion "1"]
[SourceVersionDate "2017.10.13"]
[SourceQuality "1"]

1. d4 Nf6 2. Nf3 h6 3. e3 d5 4. Bd3 c6 5. Nbd2 a6 6. 0-0 g5 7. e4 Bg7 8. e5 Ng8 9. c4 e6 10. Ne1 h5 11. f4 g4 12. f5 Bh6 13. fxe6 Bxe6 14. c5 Be3+ 15. Kh1 Bxd4 16. Bf5 Bxe5 17. Qe2 Qc7 18. Bxe6 fxe6 19. Nd3 Nd7 20. Nxe5 Qxe5 21. Qf2 0-0-0 22. Nb3 Rf8 23. Bf4 Qg7 24. Qd2 e5 25. Bg5 Ndf6 26. Bh4 Ne4 27. Qa5 Nh6 28. Qb6 Qc7 29. Qa7 Nf5 30. Be1 Ne3 31. Rxf8+ Rxf8 32. Ba5 Qb8 33. Qb6 Nc4 34. Qb4 Nf2+ 35. Kg1 h4 36. Rf1 g3 37. Qe1 gxh2+ 38. Kxh2 e4+ 39. Kg1 Qg3 40. Rxf2 Rxf2 41. Qxf2 Qxf2+ 42. Kxf2 Nxb2 43. Ke2 Nd3 44. Bd2 Kd7 45. Be3 Nb4 46. a4 Nd3 47. a5 Ke6 48. Bg5 Kf5 49. Bxh4 Nf4+ 50. Kf2 Ne6 51. Ke3 Kg4 52. Bf2 Nf4 53. g3 Ne6 54. Be1 Ng5 55. Nd4 Nf7 56. Nb3 Ne5 57. Nd2 Nd3 0-1

[Event "San Francisco TNM Winter op"]
[Site "San Francisco"]
[Date "2016.02.02"]
[Round "5"]
[White "Hakobyan, Sos"]
[Black "Hilliard, Michael"]
[Result "1-0"]
[WhiteElo "1886"]
[BlackElo "1400"]
[PlyCount "45"]
[EventDate "2016.01.05"]
[EventType "swiss"]
[EventRounds "8"]
[EventCountry "USA"]
[SourceTitle "EXT 2018"]
[Source "ChessBase"]
[SourceDate "2017.10.13"]
[SourceVersion "1"]
[SourceVersionDate "2017.10.13"]
[SourceQuality "1"]

1. e4 c6 2. d4 d5 3. exd5 cxd5 4. Nf3 e6 5. Bb5+ Nc6 6. 0-0 a6 7. Ba4 b5 8. Bb3 Nf6 9. c3 Bd6 10. Bg5 0-0 11. Re1 Re8 12. Ne5 Bb7 13. Nd2 Rc8 14. Ndf3 Be7 15. Bc2 Nd7 16. Bxh7+ Kf8 17. Bxe7+ Rxe7 18. Bc2 Qc7 19. Qd3 Nf6 20. Ng5 Ng8 21. Nexf7 Rce8 22. Nh7+ Kxf7 23. Qg6# 1-0

[Event "San Francisco TNM Fall op"]
[Site "San Francisco"]
[Date "2015.10.20"]
[Round "1"]
[White "Hilliard, Michael"]
[Black "Maser, Thomas F"]
[Result "0-1"]
[WhiteElo "1482"]
[BlackElo "1985"]
[PlyCount "62"]
[EventDate "2015.10.20"]
[EventType "swiss"]
[EventRounds "9"]
[EventCountry "USA"]
[SourceTitle "EXT 2023"]
[Source "ChessBase"]
[SourceDate "2022.10.05"]
[SourceVersion "1"]
[SourceVersionDate "2022.10.05"]
[SourceQuality "1"]

1. d4 Nf6 2. Nf3 e6 3. e3 b6 4. Nbd2 d5 5. Bd3 c5 6. c3 Be7 7. 0-0 0-0 8. Re1 Bb7 9. e4 cxd4 10. Nxd4 g6 11. e5 Nh5 12. Re3 Nc6 13. N2f3 Qd7 14. Nxc6 Bxc6 15. Nd4 Qc7 16. Nxc6 Qxc6 17. Rh3 f5 18. exf6 Nxf6 19. Qd2 Ng4 20. f3 Bc5+ 21. Kf1 e5 22. Bxg6 Ne3+ 23. Ke1 hxg6 24. b4 Bxb4 25. Bb2 Bc5 26. Rg3 Qb5 27. Qf2 Qd3 28. Rc1 Ng4 29. Qc2 Bf2+ 30. Qxf2 Nxf2 31. Kxf2 Qd2+ 0-1

[Event "San Francisco Leighton Memorial"]
[Site "San Francisco"]
[Date "2015.08.18"]
[Round "3"]
[White "Robertson, Guy"]
[Black "Hilliard, Michael"]
[Result "1-0"]
[WhiteElo "1668"]
[BlackElo "1482"]
[PlyCount "75"]
[EventDate "2015.08.04"]
[EventType "swiss"]
[EventRounds "9"]
[EventCountry "USA"]
[SourceTitle "EXT 2023"]
[Source "ChessBase"]
[SourceDate "2022.10.05"]
[SourceVersion "1"]
[SourceVersionDate "2022.10.05"]
[SourceQuality "1"]

1. Nf3 d5 2. g3 e6 3. Bg2 c5 4. d3 Nc6 5. Nbd2 Nf6 6. 0-0 b5 7. e4 Bd6 8. Re1 d4 9. e5 Nxe5 10. Nxe5 Qc7 11. f4 Bb7 12. Ndf3 0-0 13. a4 a6 14. axb5 axb5 15. Rxa8 Rxa8 16. b3 Ra1 17. Qe2 Qa5 18. Bd2 Rxe1+ 19. Qxe1 Qa8 20. Qe2 Qa1+ 21. Ne1 Bxg2 22. Kxg2 Kf8 23. h3 Nd5 24. Qh5 Bxe5 25. fxe5 h6 26. Qe2 Qa8 27. Kh2 b4 28. Qe4 Qb8 29. Ng2 Ne7 30. Nh4 g5 31. Nf3 Nf5 32. g4 Ne7 33. Qh7 Ng8 34. Kg3 f6 35. Qe4 Ne7 36. Kf2 f5 37. gxf5 Nxf5 38. Qc6 1-0

[Event "San Francisco TNM Spring op"]
[Site "San Francisco"]
[Date "2015.04.07"]
[Round "4"]
[White "Shnaiderman, Lazar"]
[Black "Hilliard, Michael"]
[Result "1-0"]
[WhiteElo "1846"]
[BlackElo "1491"]
[PlyCount "65"]
[EventDate "2015.03.17"]
[EventType "swiss"]
[EventRounds "8"]
[EventCountry "USA"]
[SourceTitle "EXT 2016"]
[Source "ChessBase"]
[SourceDate "2015.10.08"]
[SourceVersion "1"]
[SourceVersionDate "2015.10.08"]
[SourceQuality "1"]

1. d4 d5 2. c4 e6 3. Nf3 c5 4. cxd5 cxd4 5. Nxd4 exd5 6. Nc3 Nf6 7. Bg5 Be6 8. e3 a6 9. Qb3 b5 10. a3 Be7 11. Be2 0-0 12. 0-0 Nbd7 13. Nc6 Qe8 14. Nxe7+ Qxe7 15. Bf3 Rac8 16. Nxd5 Bxd5 17. Bxd5 Qe5 18. Bxf6 Nxf6 19. Bf3 Rc4 20. Rac1 Rfc8 21. Rxc4 Rxc4 22. Rd1 Qc7 23. Qd3 Kf8 24. g3 Rc2 25. Qd6+ Ke8 26. Qxc7 Rxc7 27. Rd2 Ke7 28. Kg2 Ke6 29. h4 h5 30. Kh3 Ke5 31. Bg2 Ne4 32. f4+ Kf5 33. Rd5+ 1-0

[Event "San Francisco TNM Winter op"]
[Site "San Francisco"]
[Date "2015.02.24"]
[Round "8"]
[White "Hilliard, Michael"]
[Black "Ross, David L"]
[Result "0-1"]
[WhiteElo "1400"]
[BlackElo "1523"]
[PlyCount "78"]
[EventDate "2015.01.06"]
[EventType "swiss"]
[EventRounds "8"]
[EventCountry "USA"]
[SourceTitle "EXT 2016"]
[Source "ChessBase"]
[SourceDate "2015.10.08"]
[SourceVersion "1"]
[SourceVersionDate "2015.10.08"]
[SourceQuality "1"]

1. d4 Nf6 2. Nf3 c5 3. c3 e6 4. e3 d5 5. Bd3 Nc6 6. Nbd2 Bd6 7. 0-0 0-0 8. Re1 Re8 9. dxc5 Bxc5 10. b4 Bd6 11. e4 Ne5 12. Nxe5 Bxe5 13. Qc2 Qc7 14. Bb2 Bxh2+ 15. Kf1 dxe4 16. Nxe4 Nxe4 17. Rxe4 f5 18. Rh4 Be5 19. Ke2 Bf6 20. Rh3 Bd7 21. Rah1 h6 22. Qd2 Bg5 23. Qc2 Bc6 24. f3 Rad8 25. Bc1 Qe5+ 26. Kf2 Bxc1 27. Rxc1 Qd5 28. Be2 Qd2 29. Qb1 Qg5 30. Rhh1 Ba4 31. Rce1 Rd2 32. g3 e5 33. Kg2 Qe3 34. Kh3 Rxe2 35. Rxe2 Qxe2 36. Qxf5 Qd2 37. Qb1 Bd7+ 38. g4 Qf4 39. Qe4 Bxg4+ 0-1

[Event "San Francisco TNM Fall op"]
[Site "San Francisco"]
[Date "2014.11.18"]
[Round "4"]
[White "Hilliard, Michael"]
[Black "Ross, David Y"]
[Result "1-0"]
[WhiteElo "1400"]
[BlackElo "1511"]
[PlyCount "67"]
[EventDate "2014.10.21"]
[EventType "swiss"]
[EventRounds "8"]
[EventCountry "USA"]
[SourceTitle "EXT 2016"]
[Source "ChessBase"]
[SourceDate "2015.10.08"]
[SourceVersion "1"]
[SourceVersionDate "2015.10.08"]
[SourceQuality "1"]

1. d4 Nf6 2. Nf3 g6 3. e3 Bg7 4. Bd3 0-0 5. 0-0 c5 6. c3 d6 7. Nbd2 a6 8. b4 Nbd7 9. a3 b5 10. Bb2 c4 11. Bc2 Bb7 12. a4 Qc7 13. Re1 e5 14. e4 Nh5 15. dxe5 dxe5 16. Ng5 Bh6 17. Ndf3 Rfd8 18. Re2 Nc5 19. Qe1 Nd3 20. Bxd3 cxd3 21. Rd2 Rd7 22. g3 f6 23. Ne6 Qc4 24. Nc5 Bxd2 25. Nxd2 Qf7 26. Nxd7 Qxd7 27. a5 Rc8 28. Qe3 Ng7 29. Rd1 Rd8 30. Nb3 Qg4 31. f3 Nf5 32. Qf2 Qg5 33. Bc1 d2 34. Rxd2 1-0

[Event "San Francisco TNM Fall op"]
[Site "San Francisco"]
[Date "2014.10.21"]
[Round "1"]
[White "Maser, Thomas F"]
[Black "Hilliard, Michael"]
[Result "1-0"]
[WhiteElo "1914"]
[BlackElo "1400"]
[PlyCount "41"]
[EventDate "2014.10.21"]
[EventType "swiss"]
[EventRounds "8"]
[EventCountry "USA"]
[SourceTitle "EXT 2016"]
[Source "ChessBase"]
[SourceDate "2015.10.08"]
[SourceVersion "1"]
[SourceVersionDate "2015.10.08"]
[SourceQuality "1"]

1. e4 c6 2. d4 d5 3. Nc3 dxe4 4. Nxe4 Nd7 5. Nf3 Ngf6 6. Nxf6+ Nxf6 7. Bc4 Bg4 8. Bxf7+ Kxf7 9. Ne5+ Kg8 10. Nxg4 h5 11. Ne5 Ng4 12. 0-0 Qd6 13. Bf4 Qf6 14. Bg3 e6 15. Nxg4 hxg4 16. Qxg4 Re8 17. Rfe1 Rh6 18. Re3 Rg6 19. Qe4 Qg5 20. Rae1 Bd6 21. Bxd6 1-0

[Event "San Francisco TNM Jay Whitehead op"]
[Site "San Francisco"]
[Date "2014.09.30"]
[Round "9"]
[White "Hilliard, Michael"]
[Black "Eastham, Asher Dan"]
[Result "1-0"]
[WhiteElo "1400"]
[BlackElo "1229"]
[PlyCount "59"]
[EventDate "2014.08.05"]
[EventType "swiss"]
[EventRounds "9"]
[EventCountry "USA"]
[SourceTitle "EXT 2016"]
[Source "ChessBase"]
[SourceDate "2015.10.08"]
[SourceVersion "1"]
[SourceVersionDate "2015.10.08"]
[SourceQuality "1"]

1. d4 d5 2. Nf3 Nf6 3. e3 Bf5 4. c4 e6 5. cxd5 exd5 6. Qa4+ Bd7 7. Qb3 Nc6 8. Nc3 Be6 9. Qxb7 Bd7 10. Qb3 Rb8 11. Qc2 Bd6 12. a3 0-0 13. Bd3 Ne7 14. 0-0 Qc8 15. Re1 Bf5 16. e4 dxe4 17. Nxe4 Bxe4 18. Bxe4 Nxe4 19. Rxe4 Nd5 20. Rh4 Nf6 21. Bg5 h6 22. Bxf6 gxf6 23. Rxh6 f5 24. Rf6 Kg7 25. Rxf5 Rxb2 26. Rg5+ Kf6 27. Qxb2 Rh8 28. d5+ Ke7 29. Re1+ Kd8 30. Qxh8+ 1-0